corn comparison with different spaces in royal university of agriculture (​ ការប្រៀបធៀបដំណាំពោត ដែលមានចន្លោះគុម្ពផ្សេងៗគ្នា នៅសាកលវិទ្យាល័យភូមិន្ទកសិកម្ម) (Record no. 839)

000 -LEADER
fixed length control field 00665nam a22001577a 4500
003 - CONTROL NUMBER IDENTIFIER
control field OSt
005 - DATE AND TIME OF LATEST TRANSACTION
control field 20150919143747.0
008 - FIXED-LENGTH DATA ELEMENTS--GENERAL INFORMATION
fixed length control field 150919b xxu||||| |||| 00| 0 eng d
040 ## - CATALOGING SOURCE
Transcribing agency RUA
082 ## - DEWEY DECIMAL CLASSIFICATION NUMBER
Classification number AGR PHA 2004 B030 Or.1
100 ## - MAIN ENTRY--PERSONAL NAME
9 (RLIN) 872
Personal name PHAN, DARARITH.
245 ## - TITLE STATEMENT
Title corn comparison with different spaces in royal university of agriculture (​ ការប្រៀបធៀបដំណាំពោត ដែលមានចន្លោះគុម្ពផ្សេងៗគ្នា នៅសាកលវិទ្យាល័យភូមិន្ទកសិកម្ម)
260 ## - PUBLICATION, DISTRIBUTION, ETC. (IMPRINT)
Place of publication, distribution, etc. Phnom Penh
Name of publisher, distributor, etc. RUA
Date of publication, distribution, etc. 2004
300 ## - PHYSICAL DESCRIPTION
Extent 46p.
Other physical details ill.
Dimensions 29cm.
942 ## - ADDED ENTRY ELEMENTS (KOHA)
Source of classification or shelving scheme
Koha item type AGR
Holdings
Price effective from Date last seen Permanent Location Not for loan Date acquired Source of classification or shelving scheme Koha item type Lost status Withdrawn status Total Renewals Date last checked out Total Checkouts Shelving location Damaged status Barcode Current Location Full call number
2015-09-192016-09-02Library Block B 2015-09-19 AGR  12016-08-093B030 RUA001316Library Block BAGR PHA 2004 B030 Or.1
មជ្ឈមណ្ឌលឯការនៃសាកលវិទ្យាល័យភូមិន្ទកសិកម្មចំការដូង

Powered by Koha